[Event "SR 3. liga A2 2017/2018"]
[Site "?"]
[Date "2017.12.17"]
[Round "6.1"]
[White "Bahna, Jan"]
[Black "Hudacek, Josef"]
[Result "1/2-1/2"]
[WhiteElo "1859"]
[BlackElo "2045"]
[PlyCount "232"]
[EventDate "2017.??.??"]

1. e4 b6 2. d4 Bb7 3. Nd2 e6 4. Ngf3 Nf6 5. Bd3 c5 6. c3 Nc6 7. O-O Be7 8. Qe2
O-O 9. a3 Rc8 10. Rd1 Qc7 11. h3 Nh5 12. g3 g6 13. Nf1 Rfe8 14. Ne3 Na5 15. Nd2
Nc6 16. Nf3 Bf8 17. Ng2 Na5 18. Nd2 f5 19. b4 fxe4 20. Bxe4 Nc6 21. b5 Nd8 22.
Qf3 cxd4 23. cxd4 d5 24. Bb1 Qc3 25. Qxc3 Rxc3 26. Bb2 Rc8 27. Ne1 Bg7 28. Nef3
Nf7 29. Re1 Bf6 30. Bd3 Ng7 31. g4 Nd6 32. Rac1 Rxc1 33. Rxc1 Nc4 34. Bxc4 dxc4
35. Ne5 Bg5 36. Rc2 Bxd2 37. Rxd2 Bd5 38. Rc2 Rc8 39. Bc3 Ne8 40. Bb4 Nf6 41.
f3 Kg7 42. Kf2 h6 43. h4 Ne8 44. a4 h5 45. Kg3 hxg4 46. Kxg4 Nf6+ 47. Kg3 Nh5+
48. Kg4 Nf6+ 49. Kg3 Rc7 50. Kf4 c3 51. Rxc3 Rxc3 52. Bxc3 Bb3 53. Kg5 Nh7+ 54.
Kf4 Bxa4 55. Nc6 Bxb5 56. Nxa7 Bd7 57. d5+ Kf7 58. Ke5 exd5 59. Kxd5 Nf6+ 60.
Kd6 Ba4 61. Bd4 Bd1 62. Bxb6 Bxf3 63. Nc6 Bxc6 64. Kxc6 Ke6 65. Bd8 Ng4 66. Kc5
Ke5 67. Bc7+ Kf5 68. Kd4 Nf6 69. Bd8 Nh5 70. Ke3 Kg4 71. Kf2 Ng7 72. Kg2 Ne6
73. Be7 Nf4+ 74. Kh2 Nd5 75. Bd8 Ne3 76. Kg1 Nf5 77. Kg2 Nxh4+ 78. Kh2 Nf3+ 79.
Kg2 Ne1+ 80. Kf2 Nd3+ 81. Kg2 Nf4+ 82. Kh2 Nd5 83. Kg2 Kf5 84. Kf3 Nf4 85. Bh4
Nh5 86. Bd8 Nf6 87. Bxf6 Kxf6 88. Kf4 g5+ 89. Kg4 Kg6 90. Kg3 Kf5 91. Kf3 Kg6
92. Kg4 Kf6 93. Kf3 Kf5 94. Kg3 g4 95. Kg2 Kf4 96. Kf2 Ke4 97. Kg3 Kf5 98. Kg2
Kf4 99. Kf2 g3+ 100. Kg2 Kg4 101. Kg1 Kf3 102. Kf1 Ke4 103. Kg2 Kf4 104. Kg1
Kf3 105. Kf1 Ke4 106. Kg2 Kf4 107. Kg1 Kg4 108. Kg2 Kh4 109. Kg1 Kh3 110. Kh1
Kh4 111. Kg2 Kg4 112. Kg1 Kh4 113. Kg2 Kg4 114. Kg1 Kh3 115. Kh1 g2+ 116. Kg1
Kg3 1/2-1/2

[Event "SR 3. liga A2 2017/2018"]
[Site "?"]
[Date "2017.12.17"]
[Round "6.1"]
[White "Londin, Martin"]
[Black "Krist, Milan"]
[Result "0-1"]
[WhiteElo "1953"]
[BlackElo "1826"]
[PlyCount "84"]
[EventDate "2017.??.??"]

1. e4 e6 2. f4 d5 3. e5 c5 4. Nf3 Nc6 5. Be2 Qb6 6. O-O Bd7 7. Kh1 Nh6 8. b3
Be7 9. Ba3 Qa5 10. c3 b5 11. Bb2 Qb6 12. Na3 a6 13. Nc2 O-O 14. h3 Nf5 15. Qe1
Qd8 16. Ne3 Nxe3 17. dxe3 Qb6 18. Bd3 c4 19. Bc2 b4 20. Rd1 cxb3 21. axb3 bxc3
22. Bxc3 Nb4 23. Bxb4 Qxb4 24. Qf2 Bb5 25. Rg1 Rac8 26. Rd2 Rc3 27. g4 Rfc8 28.
Kh2 Bc5 29. Nd4 Bxd4 30. exd4 Qe7 31. g5 g6 32. h4 a5 33. Rg2 Qa3 34. Rg3 Qc1
35. Rxc3 Rxc3 36. Bd1 Bd3 37. Bf3 Rc2 38. Rxc2 Qxc2 39. Qxc2 Bxc2 40. Kg1 Bxb3
41. Kf1 a4 42. Ke1 a3 0-1

[Event "SR 3. liga A2 2017/2018"]
[Site "?"]
[Date "2017.12.17"]
[Round "6.1"]
[White "Babirat, Michal"]
[Black "Hrubsa, Marian"]
[Result "1-0"]
[WhiteElo "1852"]
[BlackElo "1940"]
[PlyCount "119"]
[EventDate "2017.??.??"]

1. c4 e6 2. d4 d5 3. Nf3 Nf6 4. Bg5 c6 5. e3 Bb4+ 6. Nbd2 Nbd7 7. a3 Be7 8. Rc1
O-O 9. Bd3 b6 10. O-O Bb7 11. h3 Re8 12. Bf4 Rc8 13. Re1 c5 14. Nb3 a6 15. Qe2
dxc4 16. Bxc4 b5 17. Bxb5 axb5 18. Qxb5 Bc6 19. Qa6 Bd5 20. Nbd2 Ra8 21. Qe2
Qb6 22. e4 Bb7 23. Nc4 Qb5 24. dxc5 Nxc5 25. e5 Nd5 26. Bg3 Ba6 27. Qd1 Nb3 28.
Rc2 Red8 29. Nd6 Qb6 30. Nd2 Nxd2 31. Qxd2 h6 32. b4 Bg5 33. Qd1 Ra7 34. b5 Bb7
35. Qf3 Rd7 36. Qb3 Qa5 37. Ra1 Qb6 38. a4 Qd4 39. Ra3 Qd1+ 40. Kh2 Qf1 41. b6
Ne3 42. fxe3 Ra8 43. Qb5 Qxb5 44. Nxb5 Rd1 45. Nd6 Ba6 46. b7 Rf8 47. Rb3 Bxb7
48. Nxb7 Rb8 49. Rcc3 Ra1 50. a5 Bd8 51. Nxd8 Rxd8 52. Ra3 Rf1 53. h4 Rdd1 54.
Kh3 Kh7 55. a6 Rh1+ 56. Bh2 g5 57. a7 g4+ 58. Kg3 f5 59. exf6 e5 60. a8=Q 1-0

[Event "SR 3. liga A2 2017/2018"]
[Site "?"]
[Date "2017.12.17"]
[Round "6.1"]
[White "Harastova, Viera"]
[Black "Suchan, Jozef"]
[Result "1/2-1/2"]
[WhiteElo "1826"]
[BlackElo "1762"]
[PlyCount "77"]
[EventDate "2017.??.??"]

1. d4 d5 2. c4 e6 3. Nc3 Nf6 4. Bg5 Be7 5. e3 Nbd7 6. Nf3 c6 7. Bd3 h6 8. Bh4
Nh5 9. Bxe7 Qxe7 10. Nd2 Nhf6 11. O-O O-O 12. Rc1 c5 13. cxd5 cxd4 14. exd4
Nxd5 15. Nxd5 exd5 16. Rc3 Nf6 17. Re1 Qd6 18. Bb1 Bd7 19. Rg3 Rfe8 20. Ree3
Rxe3 21. Rxe3 Re8 22. Rxe8+ Nxe8 23. Qc2 Nf6 24. Nf3 Qc6 25. Qxc6 Bxc6 26. Bd3
Kf8 27. Kf1 Ke7 28. Ke2 Kd6 29. Ne5 Be8 30. f4 a6 31. Ke3 Nd7 32. b4 Nb6 33.
Kd2 f6 34. Nf3 Nc4+ 35. Kc3 Ne3 36. Nh4 Bd7 37. Kd2 Nc4+ 38. Kc3 Ne3 39. Kd2
1/2-1/2

[Event "SR 3. liga A2 2017/2018"]
[Site "?"]
[Date "2017.12.17"]
[Round "6.1"]
[White "Drahos, Miroslav"]
[Black "Planka, Peter"]
[Result "1/2-1/2"]
[WhiteElo "1689"]
[BlackElo "1782"]
[PlyCount "86"]
[EventDate "2017.??.??"]

1. e4 e5 2. Nf3 Nc6 3. Bb5 a6 4. Ba4 Nf6 5. O-O b5 6. Bb3 Be7 7. Re1 d6 8. c3
Na5 9. Bc2 c5 10. d4 Qc7 11. h3 O-O 12. Nbd2 cxd4 13. cxd4 Bd7 14. d5 Nc4 15.
Nxc4 Qxc4 16. Bd3 Qc7 17. Be3 Rfc8 18. Qd2 Qb7 19. Rac1 Rxc1 20. Rxc1 Rc8 21.
b4 Rxc1+ 22. Qxc1 Qc8 23. Qxc8+ Bxc8 24. Bb6 Kf8 25. Nd2 Ke8 26. f3 Bd8 27. Be3
Nd7 28. Kf2 Bb6 29. Nf1 Bxe3+ 30. Nxe3 Nb6 31. Bc2 Ke7 32. h4 h5 33. g3 Bd7 34.
Bd1 g6 35. Bb3 f5 36. Ng2 Kf6 37. Ke3 fxe4 38. fxe4 Bh3 39. Ne1 Bf1 40. Nf3 Bh3
41. Ng5 Bg4 42. Kd3 Bd7 43. Ke3 Ke7 1/2-1/2

[Event "SR 3. liga A2 2017/2018"]
[Site "?"]
[Date "2017.12.17"]
[Round "6.2"]
[White "Hecko, Dusan"]
[Black "Bisco, Igor"]
[Result "1/2-1/2"]
[WhiteElo "2092"]
[BlackElo "2049"]
[PlyCount "25"]
[EventDate "2017.??.??"]

1. c4 Nf6 2. Nc3 g6 3. g3 Bg7 4. Bg2 O-O 5. Nf3 c5 6. O-O Nc6 7. d3 d6 8. Rb1
Bd7 9. Bd2 Rb8 10. Re1 a6 11. e4 b5 12. a3 b4 13. Nd5 1/2-1/2

[Event "SR 3. liga A2 2017/2018"]
[Site "?"]
[Date "2017.12.17"]
[Round "6.2"]
[White "Cebo, Vladimir"]
[Black "Pericka, Tomas"]
[Result "0-1"]
[WhiteElo "1668"]
[BlackElo "2025"]
[PlyCount "64"]
[EventDate "2017.??.??"]

1. c4 c5 2. Nc3 Nc6 3. Nf3 g6 4. e3 Bg7 5. Be2 Nf6 6. O-O O-O 7. d4 cxd4 8.
exd4 d5 9. Be3 b6 10. cxd5 Nxd5 11. Nxd5 Qxd5 12. b3 Bb7 13. Bc4 Qd7 14. Rc1
Rfd8 15. Qe2 Rac8 16. Rfd1 e6 17. Bb5 Qd5 18. Bc4 Qh5 19. a3 Na5 20. Ba6 Rxc1
21. Rxc1 Bxf3 22. gxf3 Nxb3 23. Rc8 Rxc8 24. Bxc8 Nxd4 25. Bxd4 Qg5+ 26. Kf1
Qc1+ 27. Kg2 Qxc8 28. Be5 Qc5 29. Bxg7 Kxg7 30. Qb2+ e5 31. Qb4 Qxb4 32. axb4
a5 0-1

[Event "SR 3. liga A2 2017/2018"]
[Site "?"]
[Date "2017.12.17"]
[Round "6.2"]
[White "Nemeckay, Rastislav"]
[Black "Gajarsky, Roman"]
[Result "1/2-1/2"]
[WhiteElo "1947"]
[BlackElo "1797"]
[PlyCount "29"]
[EventDate "2017.??.??"]

1. e4 d5 2. exd5 Qxd5 3. Nc3 Qa5 4. d4 Bf5 5. Nf3 Nf6 6. Bd2 c6 7. Ne4 Qc7 8.
Ng3 Bg6 9. Ne5 Nbd7 10. Nxg6 hxg6 11. Bc4 e6 12. Qe2 O-O-O 13. O-O-O Bd6 14.
Qf3 Rh4 15. Ne2 1/2-1/2

[Event "SR 3. liga A2 2017/2018"]
[Site "?"]
[Date "2017.12.17"]
[Round "6.2"]
[White "Barca, Michal"]
[Black "Jarabek, Milan"]
[Result "1-0"]
[WhiteElo "1760"]
[BlackElo "1745"]
[PlyCount "45"]
[EventDate "2017.??.??"]

1. c4 e6 2. Nc3 Nf6 3. Nf3 Be7 4. g3 b6 5. d4 Bb7 6. Bg2 d5 7. cxd5 Nxd5 8. O-O
O-O 9. Re1 Nd7 10. e4 Nxc3 11. bxc3 c5 12. Bb2 cxd4 13. cxd4 Nf6 14. Nd2 Bb4
15. Re3 Rc8 16. Nb3 Qd7 17. d5 Ne8 18. Qg4 Rc2 19. Rb1 f5 20. dxe6 fxg4 21.
exd7 Nd6 22. Nd4 Rxb2 23. Rxb2 1-0

[Event "SR 3. liga A2 2017/2018"]
[Site "?"]
[Date "2017.12.17"]
[Round "6.2"]
[White "Sadlon, Juraj"]
[Black "Janas, Peter"]
[Result "1-0"]
[WhiteElo "1889"]
[BlackElo "1751"]
[PlyCount "87"]
[EventDate "2017.??.??"]

1. e4 d5 2. exd5 Qxd5 3. Nc3 Qa5 4. Bc4 Nf6 5. d4 Bg4 6. Nge2 e6 7. f3 Bh5 8.
Bd2 c6 9. Nf4 Qc7 10. Qe2 Bg6 11. O-O-O Bd6 12. g3 O-O 13. Nxg6 hxg6 14. Ne4
Nxe4 15. fxe4 b5 16. Bb3 a5 17. c3 Nd7 18. Rhf1 a4 19. Bc2 Nb6 20. e5 Be7 21.
h4 Nc4 22. Bg5 Qd8 23. Bxe7 Qxe7 24. Kb1 Qd8 25. Rde1 Qe7 26. Rf2 Ra7 27. Qg4
b4 28. Bd3 Nb6 29. h5 g5 30. Qe4 g6 31. hxg6 f6 32. exf6 Rxf6 33. Rh2 bxc3 34.
Reh1 Qg7 35. Rh7 Nd5 36. Rxg7+ Rxg7 37. Rh7 cxb2 38. Rxg7+ Kxg7 39. Kxb2 Rf2+
40. Ka3 Rxa2+ 41. Kxa2 Nc3+ 42. Ka3 Nxe4 43. Bxe4 Kf6 44. Kxa4 1-0

[Event "SR 3. liga A2 2017/2018"]
[Site "?"]
[Date "2017.12.17"]
[Round "6.2"]
[White "Tupy, Bystrik"]
[Black "Diviak, Rudolf"]
[Result "0-1"]
[WhiteElo "1707"]
[BlackElo "1779"]
[PlyCount "66"]
[EventDate "2017.??.??"]

1. e4 d6 2. d4 g6 3. Nf3 Bg7 4. Nc3 Nf6 5. Bg5 O-O 6. Bd3 Nbd7 7. Qd2 c5 8. d5
Re8 9. h4 a6 10. Bh6 Bh8 11. h5 b5 12. hxg6 fxg6 13. Qg5 c4 14. Nh4 Ne5 15. Be2
Nf7 16. Qg3 Nxh6 17. Nxg6 Nhg4 18. Bxg4 Bxg4 19. f3 hxg6 20. fxg4 Qd7 21. O-O-O
Qxg4 22. Qf2 Rf8 23. Rh4 Qg5+ 24. Kb1 Ng4 25. Rxh8+ Kxh8 26. Rh1+ Kg7 27. Qd4+
Ne5 28. a3 Qxg2 29. Rg1 Qf2 30. Qd1 Nf3 31. Rh1 Rh8 32. e5 Rxh1 33. Qxh1 Qf1+
0-1

[Event "SR 3. liga A2 2017/2018"]
[Site "?"]
[Date "2017.12.17"]
[Round "6.2"]
[White "Ulehla, Jakub"]
[Black "Tupy, Emil"]
[Result "1-0"]
[WhiteElo "1730"]
[BlackElo "1675"]
[PlyCount "85"]
[EventDate "2017.??.??"]

1. e4 e6 2. d4 d5 3. Nd2 c5 4. exd5 exd5 5. Ngf3 Nc6 6. Bb5 a6 7. Bxc6+ bxc6 8.
Ne5 Qc7 9. Qe2 Be6 10. Ndf3 c4 11. Bf4 Nf6 12. Ng6 Qa5+ 13. Bd2 Qb6 14. Nxh8
Qxb2 15. O-O Ne4 16. Bf4 Qa3 17. Ng5 Nxg5 18. Bxg5 Be7 19. Bxe7 Kxe7 20. f4 Kf8
21. f5 Bd7 22. Qh5 Qe3+ 23. Kh1 Be8 24. Ng6+ Kg8 25. Nh4 f6 26. Qg4 Qc3 27.
Rae1 Bf7 28. Rc1 Re8 29. Nf3 h5 30. Qg3 Re4 31. Rce1 Rg4 32. Qb8+ Kh7 33. h3
Re4 34. Qf8 Bg8 35. Rxe4 dxe4 36. Qe8 Bd5 37. Qxh5+ Kg8 38. Nh4 e3 39. Ng6 Qa3
40. Re1 Qb4 41. Rxe3 Bxg2+ 42. Kxg2 Qd2+ 43. Qe2 1-0

[Event "SR 3. liga A2 2017/2018"]
[Site "?"]
[Date "2017.12.17"]
[Round "6.2"]
[White "Jancicka, Viliam"]
[Black "Celustkova, Lubica"]
[Result "1/2-1/2"]
[WhiteElo "1630"]
[BlackElo "1709"]
[PlyCount "70"]
[EventDate "2017.??.??"]

1. d4 f5 2. f4 Nf6 3. Nf3 g6 4. Nc3 Bg7 5. Bd2 d6 6. e3 O-O 7. Bc4+ Kh8 8. Ng5
Qe8 9. Qf3 h6 10. Ne6 Bxe6 11. Bxe6 c6 12. d5 cxd5 13. Nxd5 Nxd5 14. Bxd5 Nc6
15. Bc3 Bxc3+ 16. bxc3 e6 17. Bc4 Rc8 18. Bb3 e5 19. O-O e4 20. Qd1 Qe7 21. Bd5
Kh7 22. Rb1 b6 23. c4 Qf6 24. Qd2 Na5 25. Rb4 Rc7 26. Rd1 Rd8 27. c3 Nc6 28.
Rb5 Ne7 29. Rb3 g5 30. g3 gxf4 31. exf4 h5 32. Qd4 Qh6 33. h3 Ng6 34. Qf6 Ne7
35. Qd4 Nxd5 1/2-1/2

[Event "SR 3. liga A2 2017/2018"]
[Site "?"]
[Date "2017.12.17"]
[Round "6.3"]
[White "Veselsky, Jozef"]
[Black "Travnicek, Petr"]
[Result "0-1"]
[WhiteElo "2118"]
[BlackElo "2103"]
[PlyCount "70"]
[EventDate "2017.??.??"]

1. d4 Nf6 2. Nf3 g6 3. c4 Bg7 4. Nc3 O-O 5. e4 d6 6. Be2 e5 7. dxe5 dxe5 8.
Qxd8 Rxd8 9. Bg5 Re8 10. Nd5 Nxd5 11. cxd5 c6 12. Bc4 cxd5 13. Bxd5 Nd7 14. Rc1
h6 15. Bh4 g5 16. Bg3 Nf6 17. Bb3 Nxe4 18. Rc7 Be6 19. Bxe6 Rxe6 20. Rxb7 f5
21. h3 Nxg3 22. fxg3 e4 23. Nd2 Rb6 24. Rxb6 axb6 25. O-O Rxa2 26. Rxf5 e3 27.
Nf3 Rxb2 28. Rd5 Rb1+ 29. Kh2 e2 30. Rd8+ Kf7 31. Rd7+ Kf8 32. Rb7 Be5 33. Rd7
Rb3 34. Rd8+ Ke7 35. Rd5 Bxg3+ 0-1

[Event "SR 3. liga A2 2017/2018"]
[Site "?"]
[Date "2017.12.17"]
[Round "6.3"]
[White "Danada, Ondrej"]
[Black "Merva, Frantisek"]
[Result "0-1"]
[WhiteElo "1859"]
[BlackElo "2063"]
[PlyCount "40"]
[EventDate "2017.??.??"]

1. e4 c6 2. d4 d5 3. Nc3 dxe4 4. Nxe4 Bf5 5. Ng3 Bg6 6. h4 h5 7. Be2 Nf6 8. Nh3
e6 9. Nf4 Bf5 10. Nxf5 exf5 11. Nxh5 Nbd7 12. Nxf6+ Nxf6 13. Bg5 Be7 14. Qd3
Ne4 15. Bxe7 Qxe7 16. Qb3 O-O-O 17. g4 Rhe8 18. O-O-O Nxf2 19. Bd3 Nxh1 20.
Rxh1 Qe3+ 0-1

[Event "SR 3. liga A2 2017/2018"]
[Site "?"]
[Date "2017.12.17"]
[Round "6.3"]
[White "Csuri, Szilveszter"]
[Black "Brunovsky, Peter"]
[Result "1/2-1/2"]
[WhiteElo "1971"]
[BlackElo "1847"]
[PlyCount "99"]
[EventDate "2017.??.??"]

1. e4 c6 2. d4 d5 3. Nd2 dxe4 4. Nxe4 Nf6 5. Nxf6+ gxf6 6. Bc4 Bf5 7. Be3 e6 8.
Ne2 Bd6 9. Qd2 Qc7 10. Ng3 Bg6 11. Bd3 Nd7 12. O-O-O O-O-O 13. Qc3 Rdg8 14. Ne4
Bxe4 15. Bxe4 Nb6 16. g3 Nd5 17. Bxd5 cxd5 18. Qb3 Kb8 19. Rd3 Rc8 20. Rhd1 Qc4
21. Qxc4 Rxc4 22. Kd2 Rhc8 23. c3 b5 24. Ke2 Kc7 25. Bd2 Kd7 26. Rf3 Ke7 27.
Bf4 Bxf4 28. gxf4 Rg8 29. Rg3 Rcc8 30. Rdg1 Rxg3 31. fxg3 f5 32. Kd3 h5 33. b3
Kd7 34. Ra1 Rc6 35. Rg1 Ra6 36. Rg2 Ra3 37. Rb2 Ra6 38. Rc2 Ra3 39. Ke3 Ke7 40.
Kd2 Kd7 41. Kc1 Ra6 42. Kb2 Rc6 43. b4 Ra6 44. Kb3 Ke7 45. a3 Kf6 46. Ra2 Ra4
47. Rg2 Ra6 48. Rc2 Ke7 49. Ra2 Ra4 50. Rc2 1/2-1/2

[Event "SR 3. liga A2 2017/2018"]
[Site "?"]
[Date "2017.12.17"]
[Round "6.3"]
[White "Kocak, Branislav"]
[Black "Csefalvay, Stefan"]
[Result "1-0"]
[WhiteElo "1863"]
[BlackElo "1809"]
[PlyCount "65"]
[EventDate "2017.??.??"]

1. d4 Nf6 2. c4 g6 3. Nc3 d5 4. Nf3 Bg7 5. Bg5 c6 6. cxd5 cxd5 7. e3 O-O 8. Bd3
Nc6 9. O-O a6 10. Rc1 Bg4 11. h3 Be6 12. Re1 Rc8 13. a3 b5 14. b4 Ne8 15. Bf4
f5 16. Qb3 Nf6 17. a4 bxa4 18. Nxa4 a5 19. Nc5 Bf7 20. Nb7 Qb6 21. Nc5 Qxb4 22.
Ba6 Rce8 23. Bb7 Qxb3 24. Nxb3 Nb4 25. Ne5 Rb8 26. Nxa5 Rxb7 27. Nxb7 Ne4 28.
Rc7 g5 29. Bh2 Bxe5 30. Bxe5 Nd3 31. Rf1 Re8 32. Nc5 Ndxc5 33. dxc5 1-0

[Event "SR 3. liga A2 2017/2018"]
[Site "?"]
[Date "2017.12.17"]
[Round "6.3"]
[White "Meszaros, Lorant"]
[Black "Zajicek, Ferdinand"]
[Result "1/2-1/2"]
[WhiteElo "1952"]
[BlackElo "1768"]
[PlyCount "94"]
[EventDate "2017.??.??"]

1. d4 d5 2. c4 c6 3. Nc3 Nf6 4. Nf3 g6 5. Bg5 Bg7 6. e3 Be6 7. Bxf6 Bxf6 8.
cxd5 cxd5 9. Qb3 Qd7 10. Be2 Nc6 11. h4 h6 12. g4 Rb8 13. Kd2 h5 14. gxh5 gxh5
15. Rag1 Kf8 16. Ng5 Na5 17. Qb4 Nc6 18. Qb3 Na5 19. Nxe6+ fxe6 20. Qd1 Qe8 21.
Bb5 Qd8 22. Be2 Qe8 23. Bd3 Rc8 24. Qc2 Nc4+ 25. Bxc4 Rxc4 26. f4 b5 27. b3 Rc8
28. Qd3 a6 29. Rg6 b4 30. Ne2 Qb5 31. Nc1 Qxd3+ 32. Nxd3 a5 33. Nc5 Kf7 34.
Rhg1 Rc7 35. Ke2 Rxc5 36. dxc5 Rc8 37. Rh6 Rxc5 38. Rxh5 Rc2+ 39. Kf3 Rxa2 40.
Rhg5 Rb2 41. h5 Rxb3 42. h6 d4 43. Rg7+ Bxg7 44. Rxg7+ Kf8 45. Rg5 Rxe3+ 46.
Kg2 Re2+ 47. Kg3 Re3+ 1/2-1/2

[Event "SR 3. liga A2 2017/2018"]
[Site "?"]
[Date "2017.12.17"]
[Round "6.3"]
[White "Takacs, Zsolt"]
[Black "Sarkozi, Szabolcs"]
[Result "1/2-1/2"]
[WhiteElo "1765"]
[BlackElo "1744"]
[PlyCount "114"]
[EventDate "2017.??.??"]

1. e4 c5 2. Nf3 e6 3. d4 cxd4 4. Nxd4 a6 5. Nb3 Nc6 6. g3 Nf6 7. Bg2 Be7 8. O-O
O-O 9. Nc3 Qc7 10. a3 d6 11. Be3 b5 12. Re1 Bb7 13. f4 Rfd8 14. Qe2 Rac8 15.
Rad1 Nb8 16. Rd2 Nbd7 17. Red1 Nb6 18. Bxb6 Qxb6+ 19. Qf2 Qc7 20. f5 e5 21. Qe2
Nd7 22. Nc1 Nb6 23. Nxb5 axb5 24. Qxb5 Bc6 25. Qd3 Nd7 26. b4 Bg5 27. Re2 Bxc1
28. Rxc1 Qb6+ 29. Qe3 Bb5 30. Ree1 Rc3 31. Qxb6 Nxb6 32. Red1 Rxa3 33. Bf1 Bxf1
34. Kxf1 Nc4 35. Rd3 Rxd3 36. cxd3 Na3 37. Rc3 Nb5 38. Rb3 Nd4 39. Rb1 Kf8 40.
Kf2 Rb8 41. Rb2 Ke7 42. g4 Rb5 43. g5 Nc6 44. Rc2 Kd7 45. h4 Nxb4 46. Rc3 Nc6
47. h5 f6 48. gxf6 gxf6 49. Ra3 Rb8 50. Kg3 Rg8+ 51. Kh4 h6 52. Ra4 Kc7 53. Rc4
Kb6 54. Rc1 Kb5 55. Rb1+ Nb4 56. Rd1 Kc5 57. Rc1+ Kb5 1/2-1/2

[Event "SR 3. liga A2 2017/2018"]
[Site "?"]
[Date "2017.12.17"]
[Round "6.3"]
[White "Both, Lajos"]
[Black "Kanka, Tomas"]
[Result "1-0"]
[WhiteElo "1763"]
[BlackElo "1702"]
[PlyCount "77"]
[EventDate "2017.??.??"]

1. Nf3 d5 2. c4 e6 3. b3 Nf6 4. Bb2 Be7 5. g3 Nbd7 6. Bg2 c6 7. O-O Qb6 8. Qc2
h6 9. d4 Ne4 10. e3 O-O 11. Nbd2 Ng5 12. Nxg5 Bxg5 13. Nf3 Bf6 14. Rfe1 Re8 15.
e4 dxe4 16. Rxe4 Nf8 17. Rd1 Ng6 18. Ne5 Qc7 19. Nxg6 fxg6 20. Re2 g5 21. Bh3
e5 22. Bxc8 Raxc8 23. Rde1 Qf7 24. dxe5 Bd8 25. e6 Qe7 26. Rd1 Qf8 27. Rd7 Bf6
28. Rf7 Qd6 29. Bxf6 Rxe6 30. Rxg7+ Kf8 31. Rxe6 Qxe6 32. Bc3 Rd8 33. Rxb7 Qh3
34. Bb4+ c5 35. Bxc5+ Rd6 36. Bxd6+ Ke8 37. Qe4+ Qe6 38. Qxe6+ Kd8 39. Qd7# 1-0

[Event "SR 3. liga A2 2017/2018"]
[Site "?"]
[Date "2017.12.17"]
[Round "6.4"]
[White "Takacs, Laszlo"]
[Black "Banas, Jan"]
[Result "0-1"]
[WhiteElo "2257"]
[BlackElo "2207"]
[PlyCount "102"]
[EventDate "2017.??.??"]

1. e4 c5 2. Nf3 d6 3. d4 cxd4 4. Nxd4 Nf6 5. Nc3 Nc6 6. Bc4 Qb6 7. Nb3 e6 8.
Be3 Qc7 9. f3 a6 10. Qd2 b5 11. Bd3 Bb7 12. O-O-O Ne5 13. Kb1 Nxd3 14. Qxd3 Be7
15. g4 O-O 16. g5 Nd7 17. f4 b4 18. Ne2 a5 19. Ng3 a4 20. Nd2 Rfc8 21. Nf3 Nc5
22. Bxc5 Qxc5 23. f5 exf5 24. Nxf5 Bf8 25. Rhe1 a3 26. b3 Re8 27. N3d4 Rac8 28.
h4 g6 29. Nh6+ Bxh6 30. gxh6 Qe5 31. Qb5 Qxb5 32. Nxb5 Bxe4 33. Nxd6 Bxc2+ 34.
Ka1 Bxd1 35. Rxe8+ Rxe8 36. Nxe8 f5 37. Kb1 Kf7 38. Nc7 Bf3 39. Na6 Be4+ 40.
Kc1 f4 41. Nxb4 Kf6 42. Kd2 Kf5 43. Nd3 Bd5 44. Nb4 Bb7 45. Ke2 Kg4 46. Kf2
Kxh4 47. Nd3 g5 48. b4 Bd5 49. Nc1 g4 50. b5 g3+ 51. Kg1 f3 0-1

[Event "SR 3. liga A2 2017/2018"]
[Site "?"]
[Date "2017.12.17"]
[Round "6.4"]
[White "Kovacocy, Pavol"]
[Black "Cibulka, Vladimir"]
[Result "1/2-1/2"]
[WhiteElo "2257"]
[BlackElo "2153"]
[PlyCount "104"]
[EventDate "2017.??.??"]

1. e4 Nf6 2. e5 Nd5 3. d4 d6 4. Nf3 dxe5 5. Nxe5 c6 6. Be2 Nd7 7. Nf3 N7f6 8.
O-O Bg4 9. h3 Bh5 10. Re1 e6 11. Ne5 Bxe2 12. Qxe2 Be7 13. Bg5 O-O 14. Nd2 h6
15. Bxf6 Bxf6 16. Ne4 Qc7 17. Nxf6+ Nxf6 18. Rad1 Rfd8 19. Rd3 c5 20. dxc5 Qxc5
21. Red1 Qc7 22. c4 Rxd3 23. Rxd3 Rd8 24. b3 Rxd3 25. Nxd3 Qd6 26. Qe3 Qa3 27.
Nc1 b6 28. g3 Qb2 29. Kg2 Qc2 30. a4 Ne4 31. Nd3 Nd2 32. Nb4 Qb2 33. Nc6 Nxb3
34. Qd3 g5 35. Nxa7 Nc5 36. Qd8+ Kg7 37. Nc8 Nxa4 38. Ne7 Qc2 39. Qd4+ f6 40.
Qd7 Qe4+ 41. Kh2 Nc5 42. Nf5+ Kg6 43. Ne7+ Kf7 44. Qc7 Qb7 45. Qxb7 Nxb7 46.
Nc8 Ke8 47. Nxb6 Kd8 48. Na4 Kd7 49. Nc3 Kd6 50. Kg2 Ke5 51. Kf3 h5 52. Ke3 f5
1/2-1/2

[Event "SR 3. liga A2 2017/2018"]
[Site "?"]
[Date "2017.12.17"]
[Round "6.4"]
[White "Matis, Tibor ml"]
[Black "Cechovic, Stefan"]
[Result "1/2-1/2"]
[WhiteElo "1889"]
[BlackElo "2123"]
[PlyCount "89"]
[EventDate "2017.??.??"]

1. e4 c6 2. d4 d6 3. c4 Nf6 4. Nc3 Qc7 5. Nf3 e5 6. Bg5 Be7 7. Be2 Bg4 8. O-O
Nbd7 9. Rc1 O-O 10. dxe5 dxe5 11. Nh4 Be6 12. f4 exf4 13. Kh1 Qb6 14. Qd2 h6
15. Bxf4 Nh7 16. Nf5 Bf6 17. Na4 Qd8 18. Qb4 b6 19. Rcd1 Bxf5 20. exf5 Qe8 21.
Bf3 Rc8 22. Bd6 Ne5 23. Bxf8 Nxf8 24. c5 b5 25. Nc3 Nxf3 26. Rxf3 Nd7 27. Ne4
Qe7 28. Nxf6+ Nxf6 29. Re1 Qd7 30. Qf4 Qd5 31. Qe5 Qxa2 32. Rg3 Re8 33. Qc3
Rxe1+ 34. Qxe1 Qxb2 35. h3 Qd4 36. Qc1 Ne4 37. Re3 Nxc5 38. Rc3 Nd3 39. Qc2
Nf2+ 40. Kh2 Ne4 41. Rxc6 Qe5+ 42. Kg1 a5 43. Ra6 Qa1+ 44. Kh2 Qe5+ 45. Kg1
1/2-1/2

[Event "SR 3. liga A2 2017/2018"]
[Site "?"]
[Date "2017.12.17"]
[Round "6.4"]
[White "Sarmir, Milos"]
[Black "Bugar, Peter"]
[Result "0-1"]
[WhiteElo "2083"]
[BlackElo "1858"]
[PlyCount "112"]
[EventDate "2017.??.??"]

1. e4 e6 2. d4 d5 3. exd5 exd5 4. Nf3 Nf6 5. Bd3 Bd6 6. O-O O-O 7. Bg5 h6 8.
Bh4 Bg4 9. Nbd2 Nbd7 10. c3 c6 11. Qb3 Qc7 12. Rae1 Rae8 13. Bg3 b5 14. Bxd6
Qxd6 15. a4 a6 16. h3 Bxf3 17. Nxf3 Ne4 18. axb5 axb5 19. Bxe4 dxe4 20. Nd2 Qd5
21. Qxd5 cxd5 22. Ra1 Ra8 23. Nb3 Nb6 24. Na5 Rfc8 25. Nb7 Na4 26. Nd6 Rcb8 27.
Ra2 Nxc3 28. Rxa8 Ne2+ 29. Kh2 Rxa8 30. Nxb5 Rb8 31. Nc3 Rxb2 32. Nxd5 Nxd4 33.
Rd1 Ne6 34. Kg1 Kf8 35. Ra1 Kg8 36. Ra4 Rd2 37. Ne7+ Kf8 38. Nf5 g6 39. Nxh6
Kg7 40. Ng4 Rd1+ 41. Kh2 f5 42. Ra7+ Kg8 43. Ne5 Nf8 44. Kg3 Rd5 45. Nc6 Rd7
46. Ra8 Kg7 47. Kf4 Rd5 48. Nd8 Rxd8 49. Ra2 Kf6 50. h4 Rd3 51. f3 Ne6+ 52. Kg3
f4+ 53. Kf2 e3+ 54. Ke2 Rc3 55. Kd1 Nd4 56. Rb2 Rb3 0-1

[Event "SR 3. liga A2 2017/2018"]
[Site "?"]
[Date "2017.12.17"]
[Round "6.4"]
[White "Viczencz, Peter"]
[Black "Markuliak, Mario"]
[Result "1-0"]
[WhiteElo "1764"]
[BlackElo "1889"]
[PlyCount "59"]
[EventDate "2017.??.??"]

1. e4 d6 2. d4 Nd7 3. Nc3 e5 4. Nf3 Be7 5. Bc4 Ngf6 6. O-O O-O 7. h3 c6 8. Be3
Qc7 9. Qe2 b5 10. Bd3 Bb7 11. a3 Rfe8 12. Rfd1 a5 13. b4 axb4 14. axb4 d5 15.
exd5 Bxb4 16. Rxa8 Rxa8 17. dxc6 Bxc3 18. cxb7 Qxb7 19. Bxb5 exd4 20. Bxd4 Bxd4
21. Nxd4 Qb6 22. c4 Nc5 23. Nc6 Nce4 24. Rd4 Qc7 25. Qd1 Qf4 26. Rd8+ Ne8 27.
Rxa8 Qxf2+ 28. Kh1 Ng3+ 29. Kh2 Nf1+ 30. Qxf1 1-0

[Event "SR 3. liga A2 2017/2018"]
[Site "?"]
[Date "2017.12.17"]
[Round "6.4"]
[White "Vlkovic, Pavol"]
[Black "Mezes, Kristof"]
[Result "1-0"]
[WhiteElo "1786"]
[BlackElo "1513"]
[PlyCount "57"]
[EventDate "2017.??.??"]

1. e4 e6 2. d3 d5 3. Qe2 Nf6 4. Nf3 Be7 5. g3 b6 6. e5 Nfd7 7. Bg2 c5 8. c3 Nc6
9. O-O O-O 10. Re1 Bb7 11. h4 a6 12. Bf4 b5 13. Nbd2 a5 14. a3 b4 15. c4 Nb6
16. Nf1 Qc7 17. Ne3 dxc4 18. dxc4 Rfd8 19. Ng4 Ba6 20. b3 a4 21. Nd2 axb3 22.
Nf6+ Kf8 23. Nxh7+ Ke8 24. Nf6+ gxf6 25. exf6 Bd6 26. Qg4 Nd7 27. Rxe6+ fxe6
28. Qxe6+ Ne7 29. f7+ 1-0

[Event "SR 3. liga A2 2017/2018"]
[Site "?"]
[Date "2017.12.17"]
[Round "6.4"]
[White "Minarik, Jozef"]
[Black "Hornak, Pavol"]
[Result "0-1"]
[WhiteElo "1386"]
[BlackElo "1746"]
[PlyCount "70"]
[EventDate "2017.??.??"]

1. e4 c5 2. Nc3 a6 3. g3 Nc6 4. Bg2 e5 5. d3 Nf6 6. Nge2 b5 7. Nd5 h6 8. Nxf6+
Qxf6 9. O-O d6 10. f4 Qd8 11. Be3 Bg4 12. c3 Be7 13. Qd2 O-O 14. h3 Bxe2 15.
Qxe2 Rc8 16. Rad1 Qc7 17. h4 b4 18. d4 exd4 19. cxd4 cxd4 20. Bxd4 Nxd4 21.
Rxd4 Qb6 22. Qf2 d5 23. Rxd5 Bc5 24. Rxc5 Qxc5 25. e5 Qxf2+ 26. Rxf2 Rc1+ 27.
Kh2 Rfc8 28. Be4 Kf8 29. Kh3 Ke7 30. Rd2 Rd8 31. Re2 a5 32. a3 bxa3 33. bxa3
Rc3 34. a4 Rc4 35. Bc2 Rdd4 0-1